000 00234nam a22001097a 4500
082 _a823
_bPAI/T
100 _aPAI, ANAND
245 _aTWINKLE DIGEST
246 _aTWINKLE DIGEST
_bTWINKLE DIGEST
650 _aENGLISH STORY
942 _cBK
999 _c8809
_d8809